[Event "LSS No Engine Cup 97 Final"]
[Site "LSS email"]
[Date "2014.06.20"]
[Round "?"]
[White "Endean, Andrew"]
[Black "Talbot, Olivier"]
[Result "1-0"]
[WhiteElo "1606"]
[BlackElo "1397"]
[PlyCount "55"]
[EventDate "2014.06.21"]
[EventType "tourn (corr)"]
[EventRounds "6"]
[EventCountry "GER"]
[SourceTitle "Corr 2015"]
[Source "ChessBase"]
[SourceDate "2015.07.17"]
[SourceVersion "1"]
[SourceVersionDate "2015.07.17"]
[SourceQuality "1"]

1. d4 d5 2. c4 dxc4 3. Nf3 Nf6 4. e3 e6 5. Bxc4 c5 6. 0-0 Qc7 7. Qe2 a6 8. a4 Nc6 9. Rd1 cxd4 10. exd4 Be7 11. Nc3 0-0 12. Bg5 h6 13. Bh4 Nh5 14. Bxe7 Qxe7 15. Ne5 Nf6 16. Ne4 Rd8 17. Nxc6 bxc6 18. Nc5 a5 19. Rab1 Rb8 20. Qe5 Rb4 21. b3 Nd5 22. Qe1 Qa7 23. g3 Ne7 24. h3 Nf5 25. Qe5 Nd6 26. Rbc1 Nxc4 27. bxc4 Qb8 28. Qxb8 1-0

[Event "Remote S5E No Engine email"]
[Site "Remote email"]
[Date "2014.02.08"]
[Round "?"]
[White "Talbot, Olivier"]
[Black "Pirs, Matjaz"]
[Result "0-1"]
[WhiteElo "1757"]
[BlackElo "2506"]
[PlyCount "40"]
[EventDate "2014.??.??"]
[EventType "tourn (corr)"]
[EventRounds "6"]
[EventCountry "GER"]
[SourceTitle "Corr 2015"]
[Source "ChessBase"]
[SourceDate "2015.07.17"]
[SourceVersion "1"]
[SourceVersionDate "2015.07.17"]
[SourceQuality "1"]

1. Nf3 c5 2. c4 Nc6 3. e3 e5 4. d4 e4 5. Ne5 cxd4 6. exd4 Nge7 7. Nxc6 dxc6 8. Be3 Nf5 9. Qd2 Nxe3 10. Qxe3 Bb4+ 11. Nc3 f5 12. g3 0-0 13. Bg2 Be6 14. a3 f4 15. gxf4 Bd6 16. Qxe4 Bxc4 17. 0-0-0 Rxf4 18. Qe3 Rg4 19. Qh3 Qg5+ 20. Kb1 Rxg2 0-1

[Event "Remote email"]
[Site "Remote email"]
[Date "2014.02.05"]
[Round "?"]
[White "Talbot, Olivier"]
[Black "Juha, Michael"]
[Result "0-1"]
[WhiteElo "1727"]
[BlackElo "1850"]
[PlyCount "64"]
[EventDate "2014.??.??"]
[EventType "tourn (corr)"]
[EventRounds "6"]
[EventCountry "GER"]
[SourceTitle "Corr 2015"]
[Source "ChessBase"]
[SourceDate "2015.07.17"]
[SourceVersion "1"]
[SourceVersionDate "2015.07.17"]
[SourceQuality "1"]

1. Nf3 Nc6 2. d4 d5 3. e3 Bg4 4. Be2 Bxf3 5. Bxf3 e5 6. Nc3 e4 7. Be2 Bb4 8. Bd2 Bxc3 9. Bxc3 Qg5 10. 0-0 0-0-0 11. Qd2 Nf6 12. h3 h5 13. f3 h4 14. f4 Qg3 15. Bb5 Rd6 16. Qf2 Qxf2+ 17. Rxf2 a6 18. Bxc6 Rxc6 19. Rc1 Nh5 20. Bb4 f5 21. a3 Rg8 22. b3 g5 23. Kf1 gxf4 24. exf4 Rg3 25. Be1 Re3 26. Bd2 Rg3 27. Re2 Rh6 28. Kg1 c6 29. a4 a5 30. c3 b6 31. Rf1 Kb7 32. Kh2 Ka6 0-1

[Event "Remote email"]
[Site "Remote email"]
[Date "2014.02.04"]
[Round "?"]
[White "Steffens, Henrik"]
[Black "Talbot, Olivier"]
[Result "0-1"]
[WhiteElo "2000"]
[BlackElo "1757"]
[PlyCount "50"]
[EventDate "2014.??.??"]
[EventType "tourn (corr)"]
[EventRounds "6"]
[EventCountry "GER"]
[SourceTitle "Corr 2015"]
[Source "ChessBase"]
[SourceDate "2015.07.17"]
[SourceVersion "1"]
[SourceVersionDate "2015.07.17"]
[SourceQuality "1"]

1. d4 d5 2. Nc3 Nf6 3. Nb5 c6 4. Qd3 cxb5 5. Qxb5+ Nc6 6. Bg5 a6 7. Qa4 Bd7 8. 0-0-0 e6 9. e3 Be7 10. Bxf6 Bxf6 11. Bd3 Na7 12. Qb3 Rb8 13. e4 dxe4 14. Bxe4 0-0 15. Qh3 h6 16. Nf3 Qa5 17. a3 Bc6 18. b4 Qxa3+ 19. Kb1 Qxb4+ 20. Kc1 Bxe4 21. Rde1 Qa3+ 22. Kb1 Bxf3 23. Rd1 Qb4+ 24. Kc1 Bg5+ 25. Rd2 Bxd2# 0-1

[Event "LSS No Engine Cup 102 Preliminary 4"]
[Site "LSS email"]
[Date "2014.01.09"]
[Round "?"]
[White "Korinek, Jaroslav"]
[Black "Talbot, Olivier"]
[Result "1/2-1/2"]
[WhiteElo "1643"]
[BlackElo "1411"]
[PlyCount "94"]
[EventDate "2014.01.10"]
[EventType "tourn (corr)"]
[EventRounds "6"]
[EventCountry "GER"]
[SourceTitle "Telechess CBM 167"]
[Source "ChessBase"]
[SourceDate "2015.07.13"]
[SourceVersion "1"]
[SourceVersionDate "2015.07.13"]
[SourceQuality "1"]

1. e4 c5 2. Nf3 e6 3. d4 cxd4 4. Nxd4 Nf6 5. Nc3 Bb4 6. e5 Nd5 7. Bd2 Nxc3 8. bxc3 Bf8 9. Bd3 Nc6 10. Nxc6 bxc6 11. 0-0 g6 12. Qe1 Rb8 13. c4 h5 14. Ba5 Qg5 15. Qc3 Bc5 16. Bc7 Rb7 17. Bd6 Bxd6 18. exd6 0-0 19. c5 Re8 20. h3 Kh7 21. Rad1 f5 22. a4 Rb8 23. Rfe1 Qh4 24. Bc4 a5 25. Rb1 Ra8 26. Rb3 Qg5 27. Rb6 Qh6 28. Bf1 Qg7 29. Re5 Qf6 30. Qd4 Rf8 31. Be2 Kh6 32. Bc4 Ra7 33. c3 h4 34. Rb1 Rb7 35. Rb6 Ra7 36. Be2 Bb7 37. Bd3 Kg7 38. Re2 Qxd4 39. cxd4 Kf6 40. Reb2 Bc8 41. Rb8 Rg8 42. f4 Rf8 43. Kf2 Rg8 44. Rb1 Kg7 45. g3 hxg3+ 46. Kxg3 Rh8 47. h4 Rf8 1/2-1/2

[Event "LSS No Engine Cup 97 Preliminary 6"]
[Site "LSS email"]
[Date "2013.11.04"]
[Round "?"]
[White "Pauk, Jozef"]
[Black "Talbot, Olivier"]
[Result "0-1"]
[WhiteElo "781"]
[BlackElo "1393"]
[PlyCount "72"]
[EventDate "2013.11.05"]
[EventType "tourn (corr)"]
[EventRounds "6"]
[EventCountry "GER"]
[SourceTitle "Telechess CBM 167"]
[Source "ChessBase"]
[SourceDate "2015.07.13"]
[SourceVersion "1"]
[SourceVersionDate "2015.07.13"]
[SourceQuality "1"]

1. Nf3 Nf6 2. e3 d5 3. d4 e6 4. c3 Bd6 5. Ne5 0-0 6. Bd3 c5 7. Ng4 Nxg4 8. Qxg4 e5 9. Qf3 e4 10. Bxe4 dxe4 11. Qxe4 cxd4 12. Qxd4 Nc6 13. Qc4 Be6 14. Qe2 Qh4 15. Nd2 Rad8 16. Nf3 Qe4 17. 0-0 Bc4 18. Qe1 Bxf1 19. Qxf1 Qc2 20. Ne1 Qd1 21. g3 Ne5 22. f4 Ng4 23. Ng2 Qxf1+ 24. Kxf1 Nxh2+ 25. Ke2 Rfe8 26. a4 Ng4 27. a5 Rd7 28. b4 Nf6 29. Kf3 Ne4 30. Bb2 Bxf4 31. gxf4 Rd2 32. Ne1 Rf2+ 33. Kg4 f5+ 34. Kxf5 Rh2 35. Nd3 Rg2 36. Ne5 Nd6# 0-1

[Event "LSS No Engine Cup 97 Preliminary 6"]
[Site "LSS email"]
[Date "2013.11.04"]
[Round "?"]
[White "Talbot, Olivier"]
[Black "Neumann, Frank"]
[Result "1-0"]
[WhiteElo "1393"]
[BlackElo "574"]
[PlyCount "49"]
[EventDate "2013.11.05"]
[EventType "tourn (corr)"]
[EventRounds "6"]
[EventCountry "GER"]
[SourceTitle "Telechess CBM 167"]
[Source "ChessBase"]
[SourceDate "2015.07.13"]
[SourceVersion "1"]
[SourceVersionDate "2015.07.13"]
[SourceQuality "1"]

1. e4 e5 2. f4 exf4 3. Nf3 Nf6 4. Nc3 Be7 5. Bc4 0-0 6. d3 Nc6 7. Bxf4 Nh5 8. Be3 a6 9. a3 b5 10. Bb3 d6 11. Bd5 Bb7 12. Bxc6 Bxc6 13. Nd4 Bxe4 14. Nxe4 d5 15. Qxh5 g6 16. Qf3 c5 17. Nc6 dxe4 18. Qxe4 Re8 19. Nxd8 Raxd8 20. 0-0 Bf6 21. Qf3 Bxb2 22. Qxf7+ Kh8 23. Bh6 Bxa1 24. Rxa1 Rg8 25. Qf6+ 1-0

[Event "ZN-2013-0-02432"]
[Site "LSS email"]
[Date "2013.09.06"]
[Round "?"]
[White "Venturas, Bob"]
[Black "Talbot, Olivier"]
[Result "0-1"]
[WhiteElo "731"]
[BlackElo "1263"]
[PlyCount "30"]
[EventDate "2013.08.29"]
[EventType "match (corr)"]
[EventRounds "2"]
[EventCountry "GER"]
[SourceTitle "Corr 2015"]
[Source "ChessBase"]
[SourceDate "2015.07.17"]
[SourceVersion "1"]
[SourceVersionDate "2015.07.17"]
[SourceQuality "1"]

1. e4 e5 2. Nf3 Nc6 3. Nc3 Nf6 4. d4 exd4 5. Nxd4 Bb4 6. Nxc6 bxc6 7. Bc4 Nxe4 8. Qf3 d5 9. Bb3 Ba6 10. Bd2 Nxd2 11. Kxd2 0-0 12. a3 Qg5+ 13. Kd1 Bxc3 14. Qxc3 Rfe8 15. Qxc6 Be2+ 0-1

[Event "OP-2013-0-02978"]
[Site "LSS email"]
[Date "2013.09.03"]
[Round "?"]
[White "Talbot, Olivier"]
[Black "Hlavacek, Ladislav"]
[Result "1/2-1/2"]
[WhiteElo "1337"]
[BlackElo "1771"]
[PlyCount "87"]
[EventDate "2013.08.30"]
[EventType "tourn (corr)"]
[EventRounds "4"]
[EventCountry "GER"]
[SourceTitle "Telechess CBM 163"]
[Source "ChessBase"]
[SourceDate "2014.11.11"]
[SourceVersion "2"]
[SourceVersionDate "2014.11.11"]
[SourceQuality "1"]

1. e4 e5 2. Nf3 Nc6 3. Bb5 a6 4. Ba4 Nf6 5. 0-0 Bd6 6. c3 b5 7. Bc2 0-0 8. d4 Bb7 9. Nbd2 Re8 10. a3 Bf8 11. Re1 d6 12. h3 h6 13. Nf1 g6 14. Ng3 Bg7 15. Bd2 Nd7 16. d5 Na5 17. h4 h5 18. Bg5 Qc8 19. Nd2 Nb6 20. b3 c6 21. Be3 Nd7 22. Rc1 Qc7 23. c4 bxc4 24. dxc6 Nxc6 25. Nxc4 Nd4 26. Bb1 Qb8 27. b4 d5 28. Na5 Nf6 29. Bg5 Rc8 30. Rxc8+ Bxc8 31. exd5 Bg4 32. f3 Bd7 33. Ba2 Bb5 34. Qd2 Qa7 35. Be3 Rc8 36. d6 Qb6 37. a4 Qxd6 38. Nb7 Qc7 39. axb5 Qxb7 40. Qd3 Kh8 41. Bxd4 exd4 42. bxa6 Qxb4 43. Rb1 Qd6 44. Ne2 1/2-1/2

[Event "RN-2013-0-00681"]
[Site "LSS email"]
[Date "2013.08.11"]
[Round "?"]
[White "Talbot, Olivier"]
[Black "Kramskoi, Vasyl"]
[Result "1-0"]
[WhiteElo "1337"]
[BlackElo "849"]
[PlyCount "45"]
[EventDate "2013.08.05"]
[EventType "tourn (corr)"]
[EventRounds "6"]
[EventCountry "GER"]
[SourceTitle "Telechess CBM 163"]
[Source "ChessBase"]
[SourceDate "2014.11.11"]
[SourceVersion "2"]
[SourceVersionDate "2014.11.11"]
[SourceQuality "1"]

1. e4 c5 2. Nf3 e6 3. d4 cxd4 4. Nxd4 a6 5. Nc3 b5 6. Bd3 Bb7 7. 0-0 Qb6 8. Nb3 Nc6 9. a4 b4 10. a5 Qc7 11. Na4 Bd6 12. Nb6 Rb8 13. Kh1 Ne5 14. f4 Nxd3 15. cxd3 Bc5 16. Nxc5 Qxc5 17. f5 Bc6 18. Qg4 g6 19. fxg6 hxg6 20. Qf4 Rxb6 21. Qxf7+ Kd8 22. axb6 Qxb6 23. Qf8+ 1-0

[Event "OP-2013-0-02815"]
[Site "LSS email"]
[Date "2013.06.02"]
[Round "?"]
[White "Talbot, Olivier"]
[Black "Billio, Maria"]
[Result "1/2-1/2"]
[WhiteElo "1263"]
[BlackElo "1555"]
[PlyCount "69"]
[EventDate "2013.05.30"]
[EventType "tourn (corr)"]
[EventRounds "4"]
[EventCountry "GER"]
[SourceTitle "Telechess CBM 161"]
[Source "ChessBase"]
[SourceDate "2014.07.16"]
[SourceVersion "1"]
[SourceVersionDate "2014.07.16"]
[SourceQuality "1"]

1. e4 c6 2. d4 d5 3. e5 Bf5 4. g4 Be4 5. f3 Bg6 6. h4 h5 7. Nh3 e6 8. Nf4 Ne7 9. Nc3 Nd7 10. Be3 Qb6 11. b3 a6 12. Qd2 c5 13. 0-0-0 hxg4 14. fxg4 cxd4 15. Bxd4 Qa5 16. Kb1 Nc6 17. Nxg6 fxg6 18. Rh3 0-0-0 19. Ne2 Qxd2 20. Rxd2 g5 21. h5 Ndxe5 22. Be3 Nxg4 23. Bxg5 Bb4 24. c3 Be7 25. Bxe7 Nxe7 26. Bg2 e5 27. Rg3 Nf6 28. Rxg7 Rdg8 29. Rxe7 Rxg2 30. Rxe5 Ne4 31. Rc2 Rxe2 32. Rxe2 Nxc3+ 33. Kc2 Nxe2 34. Rxe2 Rxh5 35. Re7 1/2-1/2

[Event "SN-2012-0-00466"]
[Site "LSS email"]
[Date "2012.10.20"]
[Round "?"]
[White "Talbot, Olivier"]
[Black "Oberlaender, Rolf"]
[Result "1-0"]
[WhiteElo "807"]
[BlackElo "749"]
[PlyCount "71"]
[EventDate "2012.09.28"]
[EventType "tourn (corr)"]
[EventRounds "6"]
[EventCountry "GER"]
[SourceTitle "Telechess CBM 163"]
[Source "ChessBase"]
[SourceDate "2014.11.11"]
[SourceVersion "2"]
[SourceVersionDate "2014.11.11"]
[SourceQuality "1"]

1. d4 d5 2. Nf3 Nc6 3. e3 Nf6 4. c4 b6 5. Nc3 e6 6. a3 Ba6 7. b3 Be7 8. Be2 0-0 9. 0-0 Na5 10. Ne5 Qe8 11. Nb5 Bxb5 12. cxb5 Ne4 13. Qc2 Bd6 14. b4 Nc4 15. Nxc4 Be7 16. Nd2 Nf6 17. Qxc7 Rc8 18. Qxa7 Rc2 19. Re1 Ne4 20. Qa4 Rxd2 21. Bxd2 Nxd2 22. Qc2 Ne4 23. Bf3 f5 24. Qc7 Bd8 25. Qc6 Qe7 26. Qc2 Qf6 27. Bxe4 fxe4 28. Rf1 Be7 29. Qc6 Bd8 30. Rac1 Rf7 31. Qd6 Qe7 32. Qxe7 Bxe7 33. Rc6 Bd8 34. Rfc1 h5 35. Rxe6 Bc7 36. Rec6 1-0

[Event "SN-2012-0-00465"]
[Site "LSS email"]
[Date "2012.10.17"]
[Round "?"]
[White "Talbot, Olivier"]
[Black "Bearce, Harold L"]
[Result "0-1"]
[WhiteElo "807"]
[BlackElo "617"]
[PlyCount "110"]
[EventDate "2012.09.20"]
[EventType "tourn (corr)"]
[EventRounds "6"]
[EventCountry "GER"]
[SourceTitle "Telechess CBM 165"]
[Source "ChessBase"]
[SourceDate "2015.03.11"]
[SourceVersion "1"]
[SourceVersionDate "2015.03.11"]
[SourceQuality "1"]

1. Nf3 d5 2. d4 Nf6 3. e3 e6 4. c4 c6 5. Nc3 Nbd7 6. a3 Be7 7. cxd5 exd5 8. Be2 0-0 9. h3 Re8 10. Bd2 Bd6 11. Nh2 Ne4 12. 0-0 Nxd2 13. Qxd2 Nf6 14. Bf3 Be6 15. Ne2 Qc7 16. Nf4 Bxf4 17. exf4 Qb6 18. Rfe1 Bd7 19. b4 h6 20. Rxe8+ Rxe8 21. Re1 Qd8 22. Bg4 Rxe1+ 23. Qxe1 Nxg4 24. hxg4 Qf6 25. Qe3 Qd6 26. g3 Qg6 27. f5 Qf6 28. Qf4 Qd8 29. Qd6 Qe8 30. Qe5 Qxe5 31. dxe5 Kf8 32. Nf3 Ke7 33. Nd4 b6 34. Kg2 a6 35. Kf3 c5 36. bxc5 bxc5 37. Ne2 Kd8 38. Ke3 Kc7 39. Nc1 Kb6 40. Kd3 Kb5 41. Kc3 Ka4 42. Kb2 c4 43. Ne2 g6 44. fxg6 fxg6 45. Nc3+ Ka5 46. Nxd5 Bxg4 47. Nc3 Kb6 48. a4 Kc5 49. Kc2 Kd4 50. Kd2 Kxe5 51. Ke3 h5 52. f3 Bd7 53. f4+ Kf5 54. Kf2 Kg4 55. Kg2 Bc6+ 0-1

[Event "SN-2012-0-00465"]
[Site "LSS email"]
[Date "2012.10.17"]
[Round "?"]
[White "Talbot, Olivier"]
[Black "Popov, Misha"]
[Result "0-1"]
[WhiteElo "807"]
[BlackElo "930"]
[PlyCount "78"]
[EventDate "2012.09.20"]
[EventType "tourn (corr)"]
[EventRounds "6"]
[EventCountry "GER"]
[SourceTitle "Telechess CBM 165"]
[Source "ChessBase"]
[SourceDate "2015.03.11"]
[SourceVersion "1"]
[SourceVersionDate "2015.03.11"]
[SourceQuality "1"]

1. Nf3 d5 2. d4 Nc6 3. e3 Bg4 4. Be2 Nf6 5. h3 Bh5 6. Nc3 e6 7. a3 a6 8. Nh2 Bxe2 9. Qxe2 Bd6 10. Nf3 h6 11. Bd2 0-0 12. 0-0 e5 13. Nxe5 Nxe5 14. dxe5 Bxe5 15. Rad1 c6 16. Rb1 d4 17. exd4 Bxd4 18. Be3 Re8 19. Rfd1 c5 20. Qf3 Qb6 21. Bxd4 cxd4 22. Nd5 Nxd5 23. Qxd5 Rad8 24. Qf3 Re6 25. Kf1 Rf6 26. Qe2 Qd6 27. Qg4 Qc5 28. Rbc1 d3 29. f3 d2 30. Rb1 Qxc2 31. Qg3 Qd3+ 32. Kg1 Qc2 33. Qf2 Rfd6 34. Qe2 Rb6 35. Kh1 Rxb2 36. Rxb2 Qxb2 37. Qe7 Rc8 38. Qb4 Qxb4 39. axb4 Rc1 0-1

[Event "SF-2012-0-00171"]
[Site "LSS email"]
[Date "2012.10.13"]
[Round "?"]
[White "Lorenti, Domenico"]
[Black "Talbot, Olivier"]
[Result "1-0"]
[WhiteElo "1119"]
[BlackElo "798"]
[PlyCount "53"]
[EventDate "2012.09.25"]
[EventType "tourn (corr)"]
[EventRounds "6"]
[EventCountry "GER"]
[SourceTitle "Telechess CBM 161"]
[Source "ChessBase"]
[SourceDate "2014.07.16"]
[SourceVersion "1"]
[SourceVersionDate "2014.07.16"]
[SourceQuality "1"]

1. e4 c5 2. Nf3 d6 3. d4 cxd4 4. Nxd4 Nf6 5. Nc3 Nc6 6. Bg5 e5 7. Ndb5 Be7 8. Bxf6 Bxf6 9. Nxd6+ Ke7 10. Nxc8+ Rxc8 11. Nd5+ Kf8 12. c3 Ne7 13. Nxf6 gxf6 14. Qf3 Ng6 15. Rd1 Qb6 16. b3 Kg7 17. Bc4 Rhf8 18. 0-0 Rfd8 19. Rxd8 Qxd8 20. Rd1 Qe7 21. Qh3 Rc7 22. a4 a6 23. Qf5 a5 24. g3 h6 25. h4 Nh8 26. h5 Kf8 27. Qh7 1-0

[Event "SF-2012-0-00171"]
[Site "LSS email"]
[Date "2012.10.13"]
[Round "?"]
[White "Talbot, Olivier"]
[Black "Trevis, Robert R"]
[Result "0-1"]
[WhiteElo "798"]
[BlackElo "1028"]
[PlyCount "62"]
[EventDate "2012.09.25"]
[EventType "tourn (corr)"]
[EventRounds "6"]
[EventCountry "GER"]
[SourceTitle "Telechess CBM 161"]
[Source "ChessBase"]
[SourceDate "2014.07.16"]
[SourceVersion "1"]
[SourceVersionDate "2014.07.16"]
[SourceQuality "1"]

1. Nf3 d5 2. d4 c6 3. e3 Bf5 4. Bd3 e6 5. Bxf5 exf5 6. a3 Nf6 7. Nc3 Ne4 8. Bd2 Bd6 9. Ne2 Qe7 10. 0-0 0-0 11. Bb4 Bxb4 12. axb4 Qxb4 13. Rb1 Qd6 14. c3 Nd7 15. Nf4 Rfe8 16. h3 a5 17. Qd3 a4 18. Nd2 b5 19. Nf3 a3 20. bxa3 Rxa3 21. Ne2 Ra2 22. Rfe1 Qg6 23. Ng3 Rxf2 24. Re2 Qxg3 25. Rxf2 Qxf2+ 26. Kh2 Re7 27. Rf1 Qb2 28. Qb1 Qxb1 29. Rxb1 Nxc3 30. Re1 Nb6 31. Ne5 Re6 0-1

[Event "SF-2012-0-00171"]
[Site "LSS email"]
[Date "2012.10.12"]
[Round "?"]
[White "Talbot, Olivier"]
[Black "Raines, David T"]
[Result "0-1"]
[WhiteElo "798"]
[BlackElo "999"]
[PlyCount "90"]
[EventDate "2012.09.25"]
[EventType "tourn (corr)"]
[EventRounds "6"]
[EventCountry "GER"]
[SourceTitle "Telechess CBM 161"]
[Source "ChessBase"]
[SourceDate "2014.07.16"]
[SourceVersion "1"]
[SourceVersionDate "2014.07.16"]
[SourceQuality "1"]

1. Nf3 d5 2. d4 c6 3. e3 Nf6 4. h3 Bf5 5. Bd3 Bxd3 6. Qxd3 Nbd7 7. Nc3 g6 8. a3 Bg7 9. Bd2 0-0 10. Ne2 Re8 11. Rb1 e5 12. dxe5 Nxe5 13. Nxe5 Rxe5 14. 0-0 Ne4 15. Bc3 Nxc3 16. Nxc3 Qe8 17. Rfe1 Qe7 18. Re2 Re8 19. Rbe1 a6 20. Nd1 c5 21. c3 Qd8 22. f4 Re4 23. Rf1 d4 24. c4 Qe7 25. a4 f5 26. Rf3 h6 27. Nf2 Rxe3 28. Rfxe3 dxe3 29. Nd1 Bd4 30. Qb3 Qe4 31. Qb6 Re6 32. Qd8+ Kf7 33. Qd7+ Re7 34. Qd5+ Qxd5 35. cxd5 Re4 36. g3 Ke7 37. Kg2 Kd6 38. Kf3 Kxd5 39. Nxe3+ Bxe3 40. Rxe3 Rxe3+ 41. Kxe3 Kc4 42. Kd2 Kb3 43. Kc1 Kxa4 44. g4 Kb3 45. Kb1 b5 0-1

[Event "LSS No Engine Cup 56 Preliminary 4"]
[Site "LSS email"]
[Date "2011.12.31"]
[Round "?"]
[White "Molina, Vicente Andres"]
[Black "Talbot, Olivier"]
[Result "1/2-1/2"]
[WhiteElo "805"]
[BlackElo "986"]
[PlyCount "129"]
[EventDate "2012.01.01"]
[EventType "tourn (corr)"]
[EventRounds "6"]
[EventCountry "GER"]
[SourceTitle "Telechess CBM 155"]
[Source "ChessBase"]
[SourceDate "2013.07.16"]
[SourceVersion "1"]
[SourceVersionDate "2013.07.16"]
[SourceQuality "1"]

1. e4 e5 2. Nf3 Nc6 3. Bc4 h6 4. 0-0 d6 5. c3 Nf6 6. d4 Nxe4 7. dxe5 Be6 8. Bd3 Nc5 9. Bb5 Be7 10. Bf4 a6 11. Bxc6+ bxc6 12. Re1 d5 13. Na3 Rb8 14. b3 Ne4 15. Qd3 Bxa3 16. Nd4 Qd7 17. Rad1 Bc5 18. f3 Ng5 19. Kh1 Bxd4 20. cxd4 0-0 21. h4 Nh7 22. g4 f6 23. exf6 Rxf6 24. Be5 Rff8 25. Rf1 Qe7 26. Rc1 Rb6 27. Rc2 Qxh4+ 28. Bh2 Qg5 29. Bxc7 Rb5 30. Rxc6 Qh4+ 31. Bh2 Ng5 32. Kg2 Qh3+ 33. Kg1 Nxf3+ 34. Rxf3 Rxf3 35. Qe2 Qxg4+ 36. Kh1 Qh3 37. Qxe6+ Qxe6 38. Rxe6 a5 39. Be5 Rf1+ 40. Kg2 Rf7 41. Kg3 Rd7 42. Rc6 Kf7 43. Kg4 Rbb7 44. Kh5 Ra7 45. Rg6 Kf8 46. Kg4 Rf7 47. Re6 Kg8 48. Re8+ Kh7 49. Rd8 Rfd7 50. Rc8 Kg6 51. Rc6+ Kh7 52. Kh5 g6+ 53. Rxg6 a4 54. Rxh6+ Kg8 55. Rh8+ Kf7 56. Kg5 axb3 57. axb3 Ke6 58. b4 Rab7 59. Rh6+ Kf7 60. Kf5 Kg8 61. Rh8+ Kf7 62. Rh7+ Ke8 63. Rh8+ Kf7 64. Rh7+ Ke8 65. Rh8+ 1/2-1/2

[Event "LSS No Engine Cup 56 Preliminary 4"]
[Site "LSS email"]
[Date "2011.12.31"]
[Round "?"]
[White "Talbot, Olivier"]
[Black "O'Brien, Glenn"]
[Result "0-1"]
[WhiteElo "986"]
[BlackElo "1272"]
[PlyCount "76"]
[EventDate "2012.01.01"]
[EventType "tourn (corr)"]
[EventRounds "6"]
[EventCountry "GER"]
[SourceTitle "Telechess CBM 155"]
[Source "ChessBase"]
[SourceDate "2013.07.16"]
[SourceVersion "1"]
[SourceVersionDate "2013.07.16"]
[SourceQuality "1"]

1. Nf3 d5 2. d4 Nf6 3. e3 e6 4. c4 c6 5. Nc3 Nbd7 6. a3 Bd6 7. cxd5 cxd5 8. Be2 0-0 9. Bd2 Ne4 10. h3 Nxc3 11. Bxc3 Nf6 12. Bd3 Ne4 13. Bxe4 dxe4 14. Nd2 f5 15. 0-0 Bd7 16. Re1 Bb5 17. Qb3 Qd7 18. Rac1 a5 19. Nf1 Bd3 20. Bd2 b5 21. Qa2 f4 22. exf4 Bxf4 23. Bxf4 Rxf4 24. b3 Raf8 25. Ne3 Qxd4 26. Rcd1 Rxf2 27. Qxf2 Rxf2 28. Kxf2 Qb2+ 29. Kg1 Qxb3 30. Ra1 Kf8 31. Kh2 Qb2 32. Ng4 Be2 33. Ne3 Qc3 34. Nf1 e3 35. Kg1 Bxf1 36. Rxf1+ Ke7 37. Rfe1 Qd2 38. Kf1 Qf2# 0-1

[Event "OP-2011-0-01928"]
[Site "LSS email"]
[Date "2011.12.09"]
[Round "?"]
[White "Talbot, Olivier"]
[Black "Broniek, Mariusz Maciej"]
[Result "0-1"]
[WhiteElo "986"]
[BlackElo "1606"]
[PlyCount "56"]
[EventDate "2011.12.06"]
[EventType "tourn (corr)"]
[EventRounds "4"]
[EventCountry "GER"]
[SourceTitle "Telechess CBM 155"]
[Source "ChessBase"]
[SourceDate "2013.07.16"]
[SourceVersion "1"]
[SourceVersionDate "2013.07.16"]
[SourceQuality "1"]

1. Nf3 Nf6 2. d4 e6 3. c4 d5 4. e3 c6 5. a3 Bd6 6. Nc3 Nbd7 7. Be2 0-0 8. cxd5 exd5 9. h3 Ne4 10. Nxe4 dxe4 11. Nh2 Nb6 12. Bd2 Qg5 13. Bg4 f5 14. f4 Qh4+ 15. Kf1 fxg4 16. Nxg4 Nc4 17. Rb1 Bxg4 18. Qe1 Rxf4+ 19. exf4 Nxd2+ 20. Qxd2 Bxf4 21. Qf2 Bg3 22. Qe3 Rf8+ 23. Kg1 Bf2+ 24. Qxf2 Qxf2+ 25. Kh2 Rf3 26. hxg4 Rg3 27. Rhg1 Rxg4 28. Kh3 Qh4# 0-1

[Event "ZN-2011-0-01753"]
[Site "LSS email"]
[Date "2011.11.05"]
[Round "?"]
[White "Talbot, Olivier"]
[Black "Thompson, Jeff"]
[Result "1-0"]
[WhiteElo "1040"]
[BlackElo "638"]
[PlyCount "67"]
[EventDate "2011.10.31"]
[EventType "match (corr)"]
[EventRounds "2"]
[EventCountry "GER"]
[SourceTitle "Telechess CBM 157"]
[Source "ChessBase"]
[SourceDate "2013.11.12"]
[SourceVersion "1"]
[SourceVersionDate "2013.11.12"]
[SourceQuality "1"]

1. Nf3 d5 2. d4 Nf6 3. e3 e6 4. c4 Bb4+ 5. Bd2 a5 6. a3 Bxd2+ 7. Nbxd2 0-0 8. c5 Ne4 9. Be2 Nc3 10. bxc3 Nc6 11. h3 Qf6 12. 0-0 e5 13. Nh2 b5 14. Bxb5 Bf5 15. Bxc6 Qxc6 16. Ndf3 exd4 17. Nxd4 Qf6 18. Ng4 Bxg4 19. Qxg4 a4 20. Rfe1 Rae8 21. Rab1 g6 22. Qd7 Re7 23. Qxd5 c6 24. Nxc6 Rc7 25. Nd4 Rd8 26. Qc4 h5 27. Qxa4 Rxc5 28. Rec1 Rdd5 29. Rb8+ Kg7 30. Qe8 Kh6 31. Qh8+ Qxh8 32. Rxh8+ Kg7 33. Rb8 Rg5 34. a4 1-0

[Event "ZN-2011-0-01742"]
[Site "LSS email"]
[Date "2011.10.29"]
[Round "?"]
[White "Newton, Daryl"]
[Black "Talbot, Olivier"]
[Result "0-1"]
[WhiteElo "646"]
[BlackElo "1049"]
[PlyCount "104"]
[EventDate "2011.10.25"]
[EventType "match (corr)"]
[EventRounds "2"]
[EventCountry "GER"]
[SourceTitle "Telechess CBM 149"]
[Source "ChessBase"]
[SourceDate "2012.07.17"]
[SourceVersion "1"]
[SourceVersionDate "2012.07.17"]
[SourceQuality "1"]

1. e4 e5 2. Nf3 Nc6 3. c3 d6 4. d4 a6 5. Bc4 h6 6. h4 g6 7. h5 Qf6 8. hxg6 Qxg6 9. Nh4 Qf6 10. Nf5 Bxf5 11. exf5 Qxf5 12. Bd3 Qf6 13. Be3 exd4 14. cxd4 Qe6 15. Nd2 Nxd4 16. Kf1 Nc6 17. Qc2 Nge7 18. Nf3 Bg7 19. Bc4 d5 20. Bd3 0-0-0 21. a4 Nb4 22. Qd2 Nxd3 23. Qxd3 Bxb2 24. Rb1 Bg7 25. Qb3 b6 26. Qd3 Kb7 27. Rh4 Nf5 28. Rhb4 Nxe3+ 29. fxe3 Rd6 30. Nd4 Qf6+ 31. Kg1 Qg5 32. R1b2 Bxd4 33. Qxd4 Re8 34. R2b3 a5 35. Rb5 Qe5 36. Qc5 Qa1+ 37. Kh2 Qxa4 38. Rb2 Qh4+ 39. Kg1 Qe1+ 40. Kh2 Qh4+ 41. Kg1 Qg3 42. Rxa5 Rxe3 43. Ra1 Re1+ 44. Rxe1 Qxe1+ 45. Kh2 Qe5+ 46. Kg1 Qxb2 47. Qe3 Qa1+ 48. Kh2 Re6 49. Qf3 Qe5+ 50. Kg1 Qe3+ 51. Kh2 Qxf3 52. gxf3 d4 0-1